| 000 | 01215nam a2200313 i 4500 | ||
|---|---|---|---|
| 001 | 66513 | ||
| 003 | ES-MaACL | ||
| 005 | 20250817062550.0 | ||
| 007 | t| | ||
| 008 | 030303s2003 sp a |||| | spa d | ||
| 020 | _a84-7075-502-1 | ||
| 020 | _a84-89935-29-7 | ||
| 080 | _a74.035/.036(083.824) | ||
| 080 | _a75.035/.036(083.824) | ||
| 245 | 0 | 0 |
_aEspíritu de modernidad, de Goya a Giacometti : _bobra sobre papel de la colección Kornfeld : [exposición] 7 febrero-8 junio 2003, Fundación Juan March / _c[texto, Werner Spies ; traducción, Eduardo Knörr (alemán), Matilde Torres (francés)]. |
| 260 |
_a[Madrid] : _bFundación Juan March : _bEditorial de Arte y Ciencia, _c[2003] |
||
| 300 |
_a142 p. : _bprincipalmente il. ; _c29 cm. |
||
| 600 | 1 | 4 |
_aKornfeld, E. W.- _xColecciones de arte. _968603 |
| 650 | 1 | 4 |
_aDibujo- _yS.XIX- _vExposiciones. _9170065 |
| 650 | 1 | 4 |
_aDibujo- _yS.XX- _vExposiciones. _9170066 |
| 655 | 7 |
_2tgfbne _9193628 _aCatálogos de exposiciones |
|
| 700 | 1 |
_aSpies, Werner. _9107723 |
|
| 700 | 1 |
_aKnörr, Eduardo. _968368 |
|
| 700 | 1 |
_aTorres, Matilde. _9110908 |
|
| 710 | 2 |
_aFundación Juan March _94346 |
|
| 852 |
_aES-MaACL _jL-26987 |
||
| 942 | _2udc | ||
| 999 |
_c66513 _d66513 |
||